| 000 | 00631cam a2200229 4500 | ||
|---|---|---|---|
| 001 | H8 | ||
| 008 | 090401t1979 xxu||||| |||| 00| 0 eng d | ||
| 035 | _a(Sirsi) u27191 | ||
| 041 | _aeng | ||
| 050 | _a693.832 | ||
| 100 | _aAnderson, B.R. | ||
| 245 | _aField studies on the effect of increased thermal insulation in some electrically heated houses | ||
| 260 |
_aGarston, Watford _bBuilding Research Establishment _c1979 |
||
| 300 | _a2p. ; 30cm. | ||
| 350 | _a0 | ||
| 490 |
_aBRE Information Paper _v10/79 s |
||
| 650 | _aDOMESTIC HEATING | ||
| 650 | _aHEATING | ||
| 650 | _aHOUSING | ||
| 942 | _n0 | ||
| 948 | _c04/03/1997 | ||
| 999 |
_c89068 _d89068 |
||